| 000 | 01126cam a2200277 a 4500 | ||
|---|---|---|---|
| 001 | 000015161 | ||
| 005 | 20200929163954.0 | ||
| 008 | 811123s1969 sp 000 0 spa | ||
| 040 |
_aDO-SdBNP _cCarP _dDLC |
||
| 050 | 0 | 0 |
_aBX860 _b.I75 1968 |
| 082 |
_annn _bI68c, 1969 |
||
| 100 | 1 |
_aIribarren, Jesús, _934318 |
|
| 245 | 1 | 0 |
_aCinco grandes mensajes / _cedición preparada por ; Jesús Iribarren y José Luis Gutiérrez García ; prólogo Emilio Benavent. |
| 250 | _a3. ed. | ||
| 260 |
_aMadrid, : _bBiblioteca de Autores Cristianos, _c1969. |
||
| 300 |
_axiii, 382 p. ; _c18 cm. |
||
| 650 | 0 |
_aEncyclicals, papal. [from old catalog] _934319 |
|
| 700 | 1 |
_aIribarren, Jesús _eed. _934318 |
|
| 700 | 1 |
_aGutiérrez García, José Luis _eed. _934320 |
|
| 700 | 1 |
_aBenavent, Emilio _epról _934321 |
|
| 710 | 1 |
_aCatholic Church. _bPope (1958-1963 : John XXIII) _934322 |
|
| 710 | 2 |
_aCatholic Church. _bPope (1963-1978 : Paul VI) _934323 |
|
| 711 | 2 | 2 |
_aVatican Council _n(2nd : _d1962-1965). _tConstitutio pastoralis de ecclesia in mundo huius temporis. _lSpanish. _934324 |
| 910 | _aCatalogación por copia / LC | ||
| 049 | _aBNGR | ||
| 999 |
_c14732 _d14732 |
||